[Event "Ile et Vilaine op"]
[Site "Rennes"]
[Date "2017.07.14"]
[Round "9"]
[White "Sauvaget, Franck"]
[Black "Cotonnec, Melkior"]
[Result "0-1"]
[WhiteElo "2065"]
[BlackElo "2320"]
[PlyCount "32"]
[EventDate "2017.07.08"]
[EventType "swiss"]
[EventRounds "9"]
[EventCountry "FRA"]
[SourceTitle "EXT 2019"]
[Source "ChessBase"]
[SourceDate "2018.10.10"]
[SourceVersion "1"]
[SourceVersionDate "2018.10.10"]
[SourceQuality "1"]

1. d4 Nf6 2. Nf3 g6 3. c4 Bg7 4. Nc3 d5 5. cxd5 Nxd5 6. e4 Nxc3 7. bxc3 c5 8. Be3 Qa5 9. Qd2 Nc6 10. Rc1 f5 11. e5 0-0 12. Bc4+ e6 13. h4 f4 14. Bxf4 cxd4 15. Nxd4 Nxe5 16. Bb3 Rxf4 0-1